Typhoon in Tokyo (Record no. 257930)

000 -LEADER
fixed length control field 00205 a2200097 4500
001 - CONTROL NUMBER
control field 22857
090 ## - LOCALLY ASSIGNED LC-TYPE CALL NUMBER (OCLC); LOCAL CALL NUMBER (RLIN)
-- 15464
-- 15464
100 ## - MAIN ENTRY--PERSONAL NAME
Personal name Wildes, H E
245 ## - TITLE STATEMENT
Title Typhoon in Tokyo
260 ## - PUBLICATION, DISTRIBUTION, ETC.
Place of publication, distribution, etc.
Name of publisher, distributor, etc. Allens unwin
Date of publication, distribution, etc. 1954
942 ## - ADDED ENTRY ELEMENTS (KOHA)
Institution code [OBSOLETE] NUST-CAE
Koha item type
--
Holdings
Withdrawn status Lost status Damaged status Not for loan Collection code Permanent Location Current Location Date acquired Total Checkouts Barcode Date last seen Price effective from Koha item type
          College of Aeronautical Engineering (CAE) College of Aeronautical Engineering (CAE) 04/03/2017   CAE10483 04/05/2017 04/05/2017 Book
© 2023 Central Library, National University of Sciences and Technology. All Rights Reserved.